低IQ时代 (Record no. 36307)

000 -LEADER
fixed length control field 00480nam a22001937a 4500
003 - CONTROL NUMBER IDENTIFIER
control field MPLRDC
005 - DATE AND TIME OF LATEST TRANSACTION
control field 20220104143052.0
008 - FIXED-LENGTH DATA ELEMENTS--GENERAL INFORMATION
fixed length control field 210129b ||||| |||| 00| 0 eng d
020 ## - INTERNATIONAL STANDARD BOOK NUMBER
International Standard Book Number 978-986-6285-01-1
082 ## - DEWEY DECIMAL CLASSIFICATION NUMBER
Classification number 176.4 DQYY
100 ## - MAIN ENTRY--PERSONAL NAME
Personal name 大前研一
245 ## - TITLE STATEMENT
Title 低IQ时代
Statement of responsibility, etc. 刘锦秀 译
250 ## - EDITION STATEMENT
Edition statement 初版11刷
260 ## - PUBLICATION, DISTRIBUTION, ETC.
Place of publication, distribution, etc. 台湾
Name of publisher, distributor, etc. 商周出版
Date of publication, distribution, etc. 2010
300 ## - PHYSICAL DESCRIPTION
Other physical details 424
490 ## - SERIES STATEMENT
Series statement 新商业周刊丛书: 0350
650 ## - SUBJECT ADDED ENTRY--TOPICAL TERM
Topical term or geographic name entry element 思维
942 ## - ADDED ENTRY ELEMENTS (KOHA)
Koha item type Book
-- 176.4 DQYY
Holdings
Withdrawn status Lost status Source of classification or shelving scheme Damaged status Not for loan Collection code Home library Current library Shelving location Date acquired Cost, normal purchase price Total Checkouts Full call number Barcode Date last seen Date last checked out Price effective from Koha item type Public note
Withdrawn           Malaysian Public Library, Research and Development Centre Malaysian Public Library, Research and Development Centre   10/12/2007 61.40   176.4 DQYY 00036422 18/03/2021 18/09/2012 18/03/2021 Book mplrdc

© 2022. Malaysian Public Library, Research and Development Centre. All Right ReservedE-mailmplrdc@help.edu.my 

Powered by Koha